Statistics for Dubai International Airport Destinations

Click here to take the quiz!

General Stats

  • This quiz has been taken 655 times
    (319 since last reset)
  • The average score is 130 of 270

Answer Stats

Airlines Flying to DestinationDestination% Correct
Aeroflot, flydubaiMoscow-Sheremetyevo
96%
Emirates, Ural AirlinesMoscow-Domodevo
96%
flydubaiMoscow-Vnukovo
96%
EmiratesNew York-JFK
93%
EmiratesLondon-Gatwick
91%
British Airways, Emirates, Qantas, Royal Brunei Airlines, Virgin Atlantic AirwaysLondon-Heathrow
91%
Emirates, flydubai, Pegasus Airlines, Turkish AirlinesIstanbul-Sabiha Gökçen
90%
EmiratesLondon-Stansted
90%
Emirates, Turkish AirlinesIstanbul-Atatürk
90%
Air China, EmiratesBeijing-Capital
90%
Air France, EmiratesParis-Charles de Gaulle
90%
Emirates, QantasSydney
89%
China Eastern Airlines, EmiratesShanghai-Pudong
88%
Emirates, KLM, TransaviaAmsterdam
87%
Emirates, flydubai, Thai AirwaysBangkok-Suvarnabhumi
87%
EgyptAir, EmiratesCairo
87%
Cathay Pacific, EmiratesHong Kong
87%
EmiratesTokyo-Haneda
87%
Air India, Emirates, flydubai, IndiGo, Jet Airways, SpiceJetMumbai
87%
Air India, Air India Express, Emirates, flydubai, IndiGo, Jet Airways, SpiceJetDelhi
87%
Caspian Airlines, Emirates, flydubai, Iran Air, Iran Aseman Airlines, Mahan Air, Qeshm AirlinesTehran-Imam Khomeini
86%
EmiratesTokyo-Narita
86%
Emirates, Singapore AirlinesSingapore
86%
Emirates, Korean AirSeoul
86%
Emirates, QantasMelbourne
86%
EmiratesLos Angeles
86%
African Express Airways, Emirates, Kenya AirwaysNairobi-Kenyatta
85%
EmiratesDublin
84%
EmiratesOslo-Gardermoen
84%
Biman Bangladesh Airlines, Emirates, flydubaiDhaka
84%
EmiratesRome-Fiumicino
83%
EmiratesMadrid
83%
EmiratesCape Town
83%
EmiratesBarcelona
83%
Cebu Pacific, Emirates, Philippine AirlinesManila
83%
Emirates, flydubai, Flynas, SaudiaRiyadh
82%
Emirates, LufthansaFrankfurt
82%
Emirates, Air CanadaToronto-Pearson
82%
Airblue, Emirates, Pakistan International Airlines, Shaheen Air InternationalIslamabad
82%
EmiratesMunich
81%
Airblue, Emirates, flydubai, Pakistan International Airlines, Shaheen Air InternationalKarachi
81%
FinnairHelsinki
81%
EmiratesSaint Petersburg
80%
Emirates, flydubai, Jordan Aviation, Royal JordanianAmman-Queen Alia
80%
Emirates, flydubai, Oman Air, Swiss International AirlinesMuscat
80%
EmiratesJohannesburg
80%
EmiratesJakarta-Soekarno-Hatta
80%
EmiratesVienna
80%
Emirates, Norwegian Air ShuttleStockholm-Arlanda
80%
EmiratesAthens
80%
Emirates, Swiss International AirlinesZürich
80%
flydubaiKiev-Zhulyany
79%
Ukraine International AirlinesKiev-Boryspil
79%
Emirates, Malaysia Airlines, YemeniaKuala Lumpur
78%
Emirates, flydubai, Flynas, Saudia, Somon AirJeddah
78%
EmiratesManchester
78%
EmiratesPerth
78%
EmiratesMilan-Malpensa
77%
flydubai, TAROMBucharest
77%
EmiratesLisbon
77%
Emirates, Norwegian Air ShuttleCopenhagen
77%
EmiratesAuckland
76%
EmiratesSan Francisco
76%
Air Algérie, EmiratesAlgiers
75%
Emirates, flydubai, Gryphon Airlines, Jazeera Airways, Kuwait AirwaysKuwait
75%
China Southern Airlines, EmiratesGuangzhou
75%
EmiratesWashington-Dulles
75%
Emirates, Enter AirWarsaw-Chopin
75%
EmiratesBrussels
75%
EmiratesOsaka-Kansai
74%
Azerbaijan Airlines, flydubaiBaku
73%
EmiratesBoston
73%
EmiratesBudapest
73%
EmiratesHanoi
73%
Emirates, flydubai, Iraqi AirwaysBaghdad
73%
EmiratesCasablanca
72%
Emirates, flydubai, SriLankan AirlinesColombo
72%
EmiratesRio de Janeiro-Galeão
72%
Ariana Afghan Airlines, Emirates, flydubai, Kam AirKabul
72%
EmiratesGeneva
71%
EmiratesDallas/Fort Worth
71%
EmiratesHo Chi Minh City
70%
EmiratesHouston
70%
EmiratesSão Paulo-Guarulhos
70%
Air Astana, flydubaiAstana
70%
EmiratesChicago-O'Hare
70%
Emirates, Ethiopian Airlines, flydubaiAddis Ababa
70%
Airblue, Emirates, Pakistan International Airlines, Shaheen Air InternationalLahore
69%
Syrian AirDamascus
69%
EmiratesLagos
69%
Air India, Emirates, IndiGo,flydubaiChennai
69%
Emirates, flydubai, SmartWingsPrague
69%
EmiratesSeattle/Tacoma
69%
EmiratesTaipei-Taoyuan
69%
EmiratesTunis
68%
Emirates, flydubai, Middle East AirlinesBeirut
68%
EmiratesBrisbane
67%
Cathay Pacific, Emirates, flydubai, Gulf AirBahrain
66%
Air India, Emirates, IndiGoBangalore
66%
EmiratesKolkata
66%
flydubaiSofia
65%
Afriqiyah Airways, Libyan AirlinesTripoli
64%
EmiratesBuenos Aires-Ezeiza
64%
EmiratesGlasgow
64%
EmiratesHamburg
64%
EmiratesZagreb
63%
flydubaiBelgrade
63%
EmiratesBirmingham
62%
flydubai, Nepal AirlinesKathmandu
62%
Air India, Emirates, flydubai, IndiGoHyderabad
62%
EmiratesSantiago
62%
EmiratesAccra
62%
flydubaiKinshasa
61%
EmiratesVenice-Marco Polo
60%
flydubaiYerevan
60%
EmiratesDüsseldorf
60%
EmiratesNice
60%
Badr Airlines, Emirates, flydubaiKhartoum
60%
EmiratesAdelaide
59%
flydubaiAlexandria-Borg el Arab
59%
EmiratesLyon
59%
EmiratesAbuja
57%
African Express Airways, Daallo Airlines, Jubba AirwaysMogadishu
57%
Sichuan AirlinesChengdu
55%
EmiratesPhuket
54%
EmiratesDurban
54%
Emirates, flydubai, SaudiaMedina
54%
EmiratesDakar
53%
Emirates, flydubaiMalé
52%
Air Astana, flydubaiAlmaty
52%
EmiratesLuanda
52%
China Southern AirlinesShenzhen
51%
flydubaiTbilisi
51%
RwandAirKigali
50%
flydubaiSarajevo
49%
EmiratesCebu
49%
flydubaiKraków
48%
flydubaiJuba
48%
Equatorial Congo AirlinesBrazzaville
48%
Emirates, flydubaiDar es Salaam
48%
EmiratesHarare
48%
EmiratesOrlando-International
47%
Emirates, flydubai, SpiceJetAhmedabad
46%
flydubai, Turkmenistan AirlinesAshgabat
46%
EmiratesChristchurch
46%
flydubaiBratislava
46%
flydubaiBishkek
46%
Air MoldovaChisinau
46%
flydubaiDjibouti
46%
China Southern AirlinesWuhan
45%
EmiratesAbidjan
45%
Eritrean Airlines, flydubaiAsmara
45%
flydubai, Somon AirDushanbe
44%
EmiratesNewark
44%
EmiratesYangon
43%
EmiratesPhnom Penh
42%
Biman Bangladesh Airlines, flydubaiChittagong
42%
EmiratesDenpasar
41%
Air ChinaChongqing
40%
Air India Express, SpiceJetJaipur
40%
EmiratesLusaka
40%
Iran Air, Qeshm Airlines, flydubaiIsfahan
40%
Air India Express, SpiceJetPune
39%
Air IndiaGoa
38%
flydubai, Iraqi AirwaysErbil
36%
flydubaiZanzibar
36%
Toumaï Air TchadN'Djamena
36%
Emirates, flydubai, Flynas, SaudiaDammam
36%
EmiratesMahé
35%
Iran Air, Iran Aseman Airlines, flydubai, Kish Air, Mahan AirShiraz
35%
China Eastern AirlinesKunming
35%
Emirates, flydubai, Iraqi AirwaysBasra
35%
flydubaiSkopje
34%
flydubai, Ural AirlinesYekaterinburg
34%
EmiratesNewcastle
33%
EmiratesMauritius
33%
Air India, Air India Express, Emirates, flydubai, Indigo, Jet Airways SpiceJetKochi
33%
flydubai, Iran Aseman AirlinesLar
32%
Royal Brunei AirlinesBandar Seri Begawan
31%
RwandAirMombasa
31%
EmiratesBamako
31%
EmiratesMalta
31%
YemeniaAden
31%
China Southern AirlinesÜrümqi
31%
flydubaiRostov-on-Don
30%
Air India Express, flydubaiLucknow
29%
EmiratesLarnaca
28%
S7 AirlinesNovosibirsk
28%
Emirates, flydubai, Iran Aseman Airlines, Taban AirMashhad
27%
flydubaiPodgorica
27%
EmiratesConakry
26%
Airblue, Pakistan International Airlines, Shaheen Air International, EmiratesPeshawar
26%
flydubaiKazan
25%
flydubaiDubrovnik
24%
EmiratesBologna
23%
Kish AirKish
23%
flydubaiThessaloniki
23%
Ariana Afghan Airlines, Gryphon AirlinesKandahar
23%
Emirates, flydubaiEntebbe
23%
EmiratesFort Lauderdale
23%
Air India Express, Emirates, flydubai, IndiGoThiruvananthapuram
23%
flydubaiOdessa
22%
flydubaiVolgograd
22%
flydubai, Oman AirSalalah
22%
Caspian Airlines, flydubaiTabriz
21%
Ural AirlinesNizhny Novgorod
19%
EmiratesZhengzhou
19%
Air India Express, SpiceJetAmritsar
19%
Jordan Aviation, Royal Jordanian, flydubaiAqaba
19%
flydubai, Ural AirlinesSamara
19%
Airblue, flydubai, Emirates, Shaheen Air InternationalMultan
18%
flydubaiUfa
18%
Enter AirKatowice
18%
Kish Air, Qeshm AirlinesQeshm
17%
EmiratesClark
16%
flydubaiFaisalabad
16%
flydubai, Pakistan International AirlinesQuetta
15%
Primera AirMalmo
14%
flydubaiPort Sudan
14%
Emirates, Sichuan AirlinesYinchuan
13%
Air India Express, Jet Airways, SpiceJetMangalore
13%
African Express Airways, Daallo Airlines, Jubba Airways, flydubaiHargeisa
13%
Biman Bangladesh Airlines, flydubaiSylhet
13%
Iran Air, Iran Aseman Airlines, flydubai, Kish AirBandar Abbas
13%
flydubaiKilimanjaro
13%
Emirates, flydubaiSialkot
12%
IndiGoChandigarh
12%
flydubai, Iraqi AirwaysNajaf
11%
flydubaiCatania
10%
Air India, Air India Express, Emirates, IndiGo, SpiceJetKozhikode
10%
flydubai, Ural AirlinesKrasnodar
10%
flydubaiBatumi
9%
Air IndiaVisakhapatnam
8%
China Southern AirlinesLanzhou
8%
Ural AirlinesChelyabinsk
8%
SpiceJetMadurai
8%
flydubaiAbha
7%
Euro-Asia AirAtyrau
7%
SmartWingsOstrava
7%
flydubaiTabuk
7%
flydubaiYanbu
7%
African Express AirwaysBerbera
7%
flydubaiTa'if
7%
flydubaiHa'il
7%
Nordstar AirlinesKrasnoyarsk-Yemelyanovo
7%
Air India ExpressTiruchirapalli
7%
flydubaiAhvaz
5%
flydubaiKutaisi
5%
flydubaiVoronezh
5%
Iran Aseman AirlinesAbadan
4%
flydubaiTivat
4%
Iran Aseman AirlinesZahedan
4%
flydubaiMakhachkala
4%
flydubaiJizan
4%
flydubai, SaudiaGassim
4%
Jubba AirwaysBosaso
4%
Gryphon AirlinesRas al Khaimah
3%
flydubaiHambantota
3%
flydubaiQabala
3%
flydubaiSakakah
2%
Pakistan International AirlinesDera Ghazi Khan
2%
Gryphon AirwaysBalad
2%
African Express AirwaysWajir
2%
Iran Aseman AirlinesBushehr
2%
Iran Aseman AirlinesBandar Lengeh
1%
Iran Aseman Airlines, Kish AirChabahar/Konarak
1%
flydubaiMineralyne-Vody
1%
YemeniaAl Mukalla
1%
Primera AirGöteburg
1%
Iran Aseman AirlinesGheshm
1%

Score Distribution

Percentile by Number Answered

Percent of People with Each Score

Your Score History

You have not taken this quiz since the last reset